| 000 | 00870nam a2200289 a 4500 | ||
|---|---|---|---|
| 999 |
_c380 _d380 |
||
| 001 | vtls000646347 | ||
| 003 | PNM | ||
| 005 | 20190808110304.0 | ||
| 008 | 110705t2011 enka e 001 0 eng d | ||
| 020 | _a9780857380753 : | ||
| 039 | 9 |
_a201110111227 _bmanoriah |
|
| 040 |
_aPNM _cKH8 |
||
| 082 | 0 | 4 |
_a909 CRO _222 |
| 090 | 2 | 0 |
_a909 _bCRO |
| 100 | 1 |
_aCrofon, Ian _eauthor |
|
| 245 | 1 | 0 |
_aWorld history : _b50 events you really need to know / _cIan Crofon |
| 246 |
_aWorld history : _b50 key milestones you really need to know / |
||
| 246 |
_aWorld history : _bfifty events you really need to know / |
||
| 260 |
_aLondon : _bQuercus Pub., _c2011 |
||
| 300 |
_a208p. : _bill. ; _c21cm. |
||
| 500 | _aIncludes index | ||
| 650 | 1 | 0 | _aWorld history |
| 942 |
_2ddc _cNFIC |
||
| 949 |
_61000587765 _e1914435 |
||
| 949 |
_61000587766 _e1914436 |
||
| 949 |
_61000587767 _e1914437 |
||